The promise of scientific humanism toward a unification of scientific, religious, social and economic thought /

Bibliographic Details
Main Author: Reiser, Oliver Leslie, 1895-1974
Format: Book
Language:English
Published: New York : O. Piest, 1940.
Subjects:

MARC

Tag First Indicator Second Indicator Subfields
LEADER 00000cam a2200000 4500
001 in00000052988
005 20151007080356.0
008 760907s1940 xx 00010 eng
010 |a  40036190  
035 |a (OCoLC)02414945 
035 |9 AAF4707AM 
040 |a DLC  |c KSU  |d TXA  |d UtOrBLW 
049 |a TXAM  |c [110766] 
050 0 0 |a B821  |b .R44 
082 0 |a 144 
092 |a 144  |b R375p 
100 1 |a Reiser, Oliver Leslie,  |d 1895-1974. 
245 1 4 |a The promise of scientific humanism toward a unification of scientific, religious, social and economic thought /  |c by Oliver L. Reiser. 
264 1 |a New York :  |b O. Piest,  |c 1940. 
300 |a xviii, 364 pages :  |b illustrations ;  |c 24 cm. 
336 |a text  |b txt  |2 rdacontent 
337 |a unmediated  |b n  |2 rdamedia 
338 |a volume  |b nc  |2 rdacarrier 
500 |a "[The] undertaking, of which this present introductory sketch is but an anticipation, involves a twofold task: first to demonstrate that a radically new mode of human thought and orientation will be operative in the future, or must become so if mankind is to survive, and second, to indicate briefly what the world will appear to be when it is understood in terms of these new principles."--introduction. 
650 0 |a Humanism  |x History  |y 20th century. 
650 0 |a Philosophy. 
650 0 |a Evolution. 
650 0 |a Civilization. 
740 0 |a Scientific humanism, The promise of. 
999 |a MARS 
999 f f |s edd921de-10a3-31d5-b696-0d2cee6388fc  |i 19997590-9c53-3fed-b716-0abbfd53550e  |t 0 
952 f f |p normal  |a Texas A&M University  |b College Station  |c Sterling C. Evans Library  |d Evans: Library Stacks  |t 0  |e B821 .R44  |h Library of Congress classification  |i unmediated -- volume  |m A14800518725 
998 f f |a B821 .R44  |t 0  |l Evans: Library Stacks